000 004940000a22001930004500
999 _c49283
_d49283
001 2137
003 CO-MdFUSB
005 20180410181137.0
008 180410b xxu||||| |||| 00| 0 eng d
020 _a84-88252-64-1
040 _cCO-MdBIC
082 0 4 _a036 An89e
110 1 _aInstituto de Cervantes
245 1 0 _aEnciclopedia del español en el mundo / Instituto de Cervantes
260 _aEspaña : Círculo de Lectores
300 _a901 P.
650 1 4 _aEnciclopedia
942 _cLGB